| 000 | 00392nam a22001217a 4500 | ||
|---|---|---|---|
| 999 |
_c9463 _d9463 |
||
| 003 | OSt | ||
| 008 | 201203b ||||| |||| 00| 0 eng d | ||
| 245 | _aMan Made Textiles In India | ||
| 250 | _a2012( Jan Vol.40 No.1, Feb Vol.40 No.2, Mar Vol.40 No.3, Apr Vol.40 No.4, May Vol.40 No.5, Jun Vol.40 No.6 ) | ||
| 260 |
_aMumbai _bU.K. Gangopadhyay |
||
| 650 | _aTextile Engineering | ||
| 942 |
_2ddc _cBV |
||